The Builders : (Record no. 615186)

MARC details
000 -LEADER
fixed length control field 00453nam a2200181 a 4500
008 - FIXED-LENGTH DATA ELEMENTS--GENERAL INFORMATION
fixed length control field 260221s2008##################000#0#eng##
020 ## - INTERNATIONAL STANDARD BOOK NUMBER
ISBN 9781844881840
082 04 - DEWEY DECIMAL CLASSIFICATION NUMBER
Classification number 338.4762
Item number MCD
100 1# - MAIN ENTRY--AUTHOR NAME
Personal name McDonald, Frank,
245 10 - TITLE STATEMENT
Title The Builders :
260 ## - PUBLICATION, DISTRIBUTION, ETC. (IMPRINT)
Year of publication 2008.
650 #0 - SUBJECT ADDED ENTRY--TOPICAL TERM
Topical Term Construction industry.
942 ## - ADDED ENTRY ELEMENTS (KOHA)
Koha item type English Books
Holdings
Withdrawn status Lost status Damaged status Not for loan Home library Current library Shelving location Date acquired Full call number Accession Number Price effective from Koha item type
        Anna Centenary Library Anna Centenary Library 4TH FLOOR, A WING 21.02.2026 338.4762 MCD 416421 21.02.2026 English Books

Find us on the map